[Event "4NCL Online Division 3"]
[Site "online"]
[Date "2020.08.25"]
[Round "1.163"]
[White "Romeril, Alan"]
[Black "Fisher, Neal"]
[Result "1/2-1/2"]
[WhiteElo "1637"]
[BlackElo "1750"]
[PlyCount "135"]
[EventDate "2020.08.25"]
[WhiteTeam "Streatham B"]
[BlackTeam "Chessmates"]

1. d4 g6 2. c4 Bg7 3. Nc3 Nf6 4. Nf3 d6 5. e4 Nbd7 6. Be2 c6 7. O-O Qc7 8. Bf4
e5 9. dxe5 dxe5 10. Bg3 O-O 11. Qc2 Re8 12. Rac1 Bh6 13. Rcd1 a5 14. a4 Nc5 15.
b3 Ng4 16. h3 Nf6 17. Nh2 Be6 18. Ng4 Nxg4 19. hxg4 Rad8 20. Rxd8 Rxd8 21. Rd1
Rxd1+ 22. Bxd1 Qd6 23. Be2 f6 24. f3 Qd2 25. Bd1 Nd3 26. Qxd2 Bxd2 27. Ne2 Be3+
28. Kh2 Nb4 29. Be1 Nd3 30. Bxa5 b6 31. Bc3 h5 32. gxh5 gxh5 33. Bc2 Nf2 34.
Be1 h4 35. Bxf2 Bxf2 36. Nc1 Kg7 37. Nd3 Be3 38. g3 hxg3+ 39. Kxg3 Kg6 40. f4
exf4+ 41. Nxf4+ Kf7 42. Kf3 Bc5 43. Nd3 Bd4 44. Kf4 Ke7 45. e5 fxe5+ 46. Nxe5
Kd6 47. Nd3 Bc3 48. Ke4 Bd7 49. Bd1 Be8 50. Bg4 Bg6+ 51. Bf5 Bh5 52. Ke3 Bd1
53. b4 Bxa4 54. c5+ Kc7 55. cxb6+ Kxb6 56. Be4 Kb5 57. Bf3 Bc2 58. Be4 Bb3 59.
Bf3 Bc2 60. Be4 Bb1 61. Nc1 Bxe4 62. Kxe4 Kxb4 63. Kd3 c5 64. Kc2 c4 65. Na2+
Ka3 66. Nxc3 Kb4 67. Ne2 c3 68. Nxc3 1/2-1/2

[Event "4NCL Online Division 3"]
[Site "online"]
[Date "2020.08.25"]
[Round "1.164"]
[White "Webster, Vivien"]
[Black "Chung, Michael"]
[Result "0-1"]
[WhiteElo "1757"]
[BlackElo "1630"]
[PlyCount "80"]
[EventDate "2020.08.25"]
[WhiteTeam "Chessmates"]
[BlackTeam "Streatham B"]

1. e4 e5 2. Nf3 Nc6 3. Bc4 Be7 4. Nc3 Nf6 5. O-O d6 6. a3 Bg4 7. h3 Bh5 8. d3
O-O 9. Nd5 a6 10. Nxe7+ Qxe7 11. c3 Kh8 12. Be3 Na5 13. Ba2 c5 14. b4 Nc6 15.
bxc5 dxc5 16. Rb1 Rad8 17. Qe2 Rd7 18. Bg5 Rfd8 19. g4 Bg6 20. Rfd1 h6 21. Bh4
Qd6 22. Bxf6 gxf6 23. Nh4 Ne7 24. Qe3 Kh7 25. Rb2 Qc6 26. f3 b5 27. c4 Rd4 28.
Rbd2 b4 29. axb4 cxb4 30. Bb3 a5 31. Ra1 Qc5 32. Kg2 Nc6 33. f4 exf4 34. Qxf4
Qe5 35. Nxg6 fxg6 36. Qf3 Rxe4 37. Rf1 Re3 38. Qxc6 Qg3+ 39. Kh1 Qxh3+ 40. Rh2
Qxf1# 0-1

[Event "4NCL Online Division 3"]
[Site "online"]
[Date "2020.09.08"]
[Round "2.11"]
[White "Waterfield, John W"]
[Black "Lyons, Brendan"]
[Result "0-1"]
[WhiteElo "2035"]
[BlackElo "1941"]
[PlyCount "98"]
[EventDate "2020.09.08"]
[WhiteTeam "Abergavenny and Friends"]
[BlackTeam "St Benildus B"]

1. e4 d5 2. exd5 Nf6 3. d4 Bg4 4. f3 Bf5 5. Bb5+ Nbd7 6. c4 e6 7. dxe6 Bxe6 8.
d5 Bf5 9. Nc3 Bd6 10. Nge2 O-O 11. Bxd7 Nxd7 12. O-O Qh4 13. f4 Bc5+ 14. Kh1
Nf6 15. Qe1 Qxe1 16. Rxe1 Rfe8 17. Bd2 Bd3 18. b3 Bf2 19. Rf1 Ng4 20. Rxf2
Nxf2+ 21. Kg1 Bxe2 22. Kxf2 Bd3 23. Be3 a6 24. h3 h5 25. g4 hxg4 26. hxg4 f5
27. Rd1 Be4 28. Rd4 Kf7 29. Nxe4 Rxe4 30. gxf5 Rxd4 31. Bxd4 Rh8 32. Kg3 Rh5
33. Kg4 Rh2 34. Be5 Rxa2 35. Bxc7 Rb2 36. d6 Ke8 37. f6 gxf6 38. Kf5 Rxb3 39.
Kxf6 Kd7 40. Ke5 Re3+ 41. Kd4 Rf3 42. Ke4 Rf1 43. Ke5 b5 44. cxb5 axb5 45. Ba5
Ra1 46. Bc3 Ra3 47. Kd4 Ra4+ 48. Kc5 Rc4+ 49. Kxb5 Rxc3 0-1

[Event "4NCL Online Division 3"]
[Site "online"]
[Date "2020.09.08"]
[Round "2.12"]
[White "Putar, Lara"]
[Black "Wakeham, Marc"]
[Result "1/2-1/2"]
[WhiteElo "1834"]
[BlackElo "1900"]
[PlyCount "97"]
[EventDate "2020.09.08"]
[WhiteTeam "St Benildus B"]
[BlackTeam "Abergavenny and Friends"]

1. d4 Nf6 2. c4 g6 3. Nf3 Bg7 4. g3 O-O 5. Bg2 d6 6. O-O Nbd7 7. Nc3 e5 8. Qc2
c6 9. e4 a6 10. a4 exd4 11. Nxd4 Nc5 12. b4 Ne6 13. Nde2 Nd7 14. Bb2 Qb6 15. b5
Ne5 16. a5 Qd8 17. bxc6 Nxc4 18. cxb7 Bxb7 19. Rfd1 Rc8 20. Qb3 Nxa5 21. Qb4
Nc6 22. Qxd6 Qxd6 23. Rxd6 Ne5 24. Ba3 Rfd8 25. Rb6 Rd7 26. Rab1 Nc4 27. Rxb7
Rxb7 28. Rxb7 Nxa3 29. Nd5 Nc5 30. Rb6 Kf8 31. f4 Nc4 32. Rb4 Nd3 33. Rb1 Bb2
34. e5 Nc5 35. Nb6 Nxb6 36. Rxb2 Nc4 37. Ra2 Nd3 38. Rxa6 Rb8 39. Ra1 Ne3 40.
Be4 Nc5 41. Bc6 Rb2 42. Nd4 Nd3 43. h4 h5 44. Be4 Nf2 45. Bf3 Nh3+ 46. Kh1 Nf2+
47. Kg1 Nh3+ 48. Kh1 Nf2+ 49. Kg1 1/2-1/2

[Event "4NCL Online Division 3"]
[Site "online"]
[Date "2020.09.08"]
[Round "2.13"]
[White "Allford, Zane"]
[Black "Healy, John"]
[Result "0-1"]
[WhiteElo "1693"]
[BlackElo "1889"]
[PlyCount "60"]
[EventDate "2020.09.08"]
[WhiteTeam "Abergavenny and Friends"]
[BlackTeam "St Benildus B"]

1. e4 c5 2. Nc3 a6 3. f4 e6 4. Nf3 d5 5. e5 Nc6 6. d3 h5 7. Be2 h4 8. b3 Nh6 9.
Bb2 Nf5 10. Qd2 d4 11. Nd1 g6 12. O-O b6 13. Ng5 Bb7 14. Ne4 Be7 15. Bf3 Kf8
16. g4 hxg3 17. hxg3 Kg7 18. Rf2 Qc7 19. Rh2 Nb4 20. c3 dxc3 21. Bxc3 Rxh2 22.
Qxh2 Nxd3 23. Ndf2 Nxf2 24. Qxf2 Rd8 25. Kg2 Rd3 26. Bb2 Qc6 27. Ng5 Qc8 28. g4
Bxg5 29. gxf5 Rxf3 30. Qxf3 Bxf4 0-1

[Event "4NCL Online Division 3"]
[Site "online"]
[Date "2020.09.08"]
[Round "2.14"]
[White "Boland, Dylan"]
[Black "Morgans, Justin"]
[Result "1-0"]
[WhiteElo "1850"]
[BlackElo "1618"]
[PlyCount "89"]
[EventDate "2020.09.08"]
[WhiteTeam "St Benildus B"]
[BlackTeam "Abergavenny and Friends"]

1. d4 f5 2. g3 g6 3. Bg2 Bg7 4. Nf3 Nf6 5. c4 O-O 6. Nc3 d6 7. O-O Nc6 8. d5
Ne5 9. Nxe5 dxe5 10. e4 e6 11. Qe2 exd5 12. exf5 d4 13. Rd1 Bxf5 14. Bg5 h6 15.
Bxf6 Bxf6 16. Bxb7 Rb8 17. Bd5+ Kh7 18. Ne4 Bg7 19. b3 Qc8 20. Nc5 Bg4 21. f3
c6 22. Be4 Bf5 23. Rf1 Bxe4 24. Qxe4 Qe8 25. Rae1 a5 26. Re2 Rc8 27. Nd3 c5 28.
Nxe5 Qxe5 29. Qxe5 Bxe5 30. Rxe5 Rf7 31. Kf2 Rd7 32. Ke2 Rcc7 33. Kd3 Kg7 34.
f4 Re7 35. Rfe1 Kf6 36. h3 g5 37. fxg5+ hxg5 38. Rxe7 Rxe7 39. Rxe7 Kxe7 40. a3
Ke6 41. h4 gxh4 42. gxh4 Ke5 43. h5 Kf5 44. b4 axb4 45. axb4 1-0

[Event "4NCL Online Division 3"]
[Site "online"]
[Date "2020.09.08"]
[Round "2.21"]
[White "Skettos, Nicolas"]
[Black "Retallick, Lloyd"]
[Result "1/2-1/2"]
[WhiteElo "1862"]
[BlackElo "2065"]
[PlyCount "147"]
[EventDate "2020.09.08"]
[WhiteTeam "Phones Pals"]
[BlackTeam "Trelawny's Army"]

1. e4 c6 2. d4 d5 3. Nc3 dxe4 4. Nxe4 Nd7 5. Ng5 Ngf6 6. Bd3 e6 7. N1f3 Bd6 8.
Qe2 h6 9. Ne4 Nxe4 10. Qxe4 Qc7 11. Qg4 Kf8 12. Bd2 b6 13. O-O-O Bb7 14. Rhe1
Rd8 15. Bc3 Nf6 16. Qh3 Nd5 17. Bd2 c5 18. dxc5 bxc5 19. c3 Bf4 20. Kb1 Bxd2
21. Rxd2 Nf4 22. Qg3 g5 23. Bc2 Rxd2 24. Nxd2 Ke7 25. Ne4 Bxe4 26. Bxe4 Rb8 27.
h4 Qb6 28. b3 f6 29. hxg5 fxg5 30. c4 Qd6 31. Qc3 Qd4 32. Qxd4 cxd4 33. g3 Nh3
34. Bf5 Nxf2 35. Rxe6+ Kf7 36. Rd6 d3 37. Bxd3 Nxd3 38. Rxd3 Re8 39. c5 Kg6 40.
b4 Kf5 41. a4 Ke4 42. Kc2 Rc8 43. Rd6 a5 44. Kc3 h5 45. Kc4 axb4 46. Kxb4 Kf3
47. Rd3+ Kg4 48. a5 h4 49. gxh4 gxh4 50. a6 h3 51. Kb5 h2 52. Rd1 Rb8+ 53. Kc6
Rb2 54. Rh1 Kg3 55. a7 Ra2 56. Kb7 Rb2+ 57. Kc7 Ra2 58. Kb7 Rb2+ 59. Ka8 Kg2
60. Rxh2+ Kxh2 61. c6 Rc2 62. Kb7 Rb2+ 63. Ka6 Ra2+ 64. Kb6 Rb2+ 65. Kc5 Rc2+
66. Kd6 Rd2+ 67. Ke6 Re2+ 68. Kd6 Rd2+ 69. Ke7 Re2+ 70. Kd8 Rd2+ 71. Kc8 Ra2
72. c7 Rxa7 73. Kb8 Rxc7 74. Kxc7 1/2-1/2

[Event "4NCL Online Division 3"]
[Site "online"]
[Date "2020.09.08"]
[Round "2.22"]
[White "Menadue, Jeremy F S"]
[Black "Barker, Luke"]
[Result "1-0"]
[WhiteElo "2050"]
[BlackElo "1848"]
[PlyCount "153"]
[EventDate "2020.09.08"]
[WhiteTeam "Trelawny's Army"]
[BlackTeam "Phones Pals"]

1. d4 Nf6 2. Nf3 d5 3. c4 g6 4. cxd5 Nxd5 5. e4 Nb6 6. Nc3 Bg7 7. Be3 O-O 8. h3
Be6 9. d5 Bd7 10. a4 a5 11. Be2 Na6 12. O-O c6 13. dxc6 bxc6 14. Qb3 Nb4 15.
Rfd1 Rb8 16. Rd2 Qc7 17. Rad1 Be6 18. Qa3 Rfd8 19. Bf4 Qxf4 20. Rxd8+ Rxd8 21.
Rxd8+ Bf8 22. Qa1 Qc7 23. Rd1 f6 24. Nd4 Bf7 25. Qc1 e5 26. Nf3 Kg7 27. Qe3 Nc4
28. Bxc4 Bxc4 29. Qd2 Be6 30. Qd8 Qxd8 31. Rxd8 Be7 32. Ra8 Nd3 33. Rxa5 Bb4
34. Ra7+ Kf8 35. Rxh7 Nxb2 36. Ne2 Nxa4 37. Ra7 Nc3 38. Nxc3 Bxc3 39. Rc7 Bb2
40. Rxc6 Ke7 41. Rb6 Bc3 42. Rb7+ Bd7 43. Nh2 Kd6 44. Rb6+ Ke7 45. Ng4 Bd4 46.
Rb7 Ke6 47. Nxf6 Bc6 48. Rc7 Kd6 49. Rxc6+ Kxc6 50. Kf1 Kd6 51. Ke2 Ke6 52. Ng4
Bb2 53. Ne3 Ba3 54. Kf3 Bc5 55. Nd5 Bd4 56. Ke2 Bc5 57. f3 Bg1 58. Kd3 Bh2 59.
Kc4 Bg3 60. Kc5 Bf2+ 61. Kc6 Bh4 62. Nc7+ Kf7 63. Kd5 Bg3 64. Nb5 Kf6 65. Nd6
Bf4 66. Nc4 Bg3 67. Nb6 Ke7 68. Na4 Kf6 69. Nc3 Bh2 70. Ne2 Kg5 71. Ke6 Kh4 72.
Kf6 Kh5 73. g3 g5 74. Kxe5 Bxg3+ 75. Nxg3+ Kh4 76. Kf5 g4 77. hxg4 1-0

[Event "4NCL Online Division 3"]
[Site "online"]
[Date "2020.09.08"]
[Round "2.23"]
[White "Narang, Vishal"]
[Black "Kneebone, Robin F G"]
[Result "0-1"]
[WhiteElo "1477"]
[BlackElo "1982"]
[PlyCount "86"]
[EventDate "2020.09.08"]
[WhiteTeam "Phones Pals"]
[BlackTeam "Trelawny's Army"]

1. e4 c5 2. Bc4 e6 3. Nc3 Nc6 4. Nf3 a6 5. a4 Nf6 6. d3 d5 7. exd5 exd5 8. Bb3
Qe7+ 9. Qe2 Qxe2+ 10. Nxe2 Bg4 11. Bg5 Be7 12. Bxf6 Bxf6 13. Bxd5 Nb4 14. Bb3
Bxb2 15. Rb1 Bf6 16. h3 Bxf3 17. gxf3 O-O 18. Kf1 b6 19. Rg1 Rad8 20. Rg4 Rfe8
21. Re4 Re7 22. Ng3 Kf8 23. Nf5 Red7 24. Ne3 b5 25. h4 Nc6 26. Rf4 Rd4 27. Rxd4
Nxd4 28. axb5 Nxf3 29. Ke2 Nd4+ 30. Kd2 axb5 31. h5 c4 32. Ba2 Ra8 33. dxc4
Rxa2 34. cxb5 Be5 35. Kd3 Ne6 36. b6 Nc5+ 37. Kc4 Ne4 38. Kd3 Nxf2+ 39. Kc4 Ne4
40. Nd5 Nd2+ 41. Kc5 Nxb1 42. Nc7 Rxc2+ 43. Kb5 Bxc7 0-1

[Event "4NCL Online Division 3"]
[Site "online"]
[Date "2020.09.08"]
[Round "2.24"]
[White "Hassall, Mark I"]
[Black "Benson, Alice"]
[Result "1-0"]
[WhiteElo "1942"]
[BlackElo "740"]
[PlyCount "41"]
[EventDate "2020.09.08"]
[WhiteTeam "Trelawny's Army"]
[BlackTeam "Phones Pals"]

1. e4 c6 2. d4 d5 3. Nc3 dxe4 4. Nxe4 Bf5 5. Ng3 Bg6 6. h4 h6 7. Nf3 Nf6 8. h5
Bh7 9. Bd3 Bxd3 10. Qxd3 e6 11. Bd2 Be7 12. O-O-O Ng4 13. Qe2 Nd7 14. Rhe1 c5
15. Bc3 cxd4 16. Nxd4 Ngf6 17. Nxe6 fxe6 18. Qxe6 Rf8 19. Nf5 Rf7 20. Nd6+ Kf8
21. Qxf7# 1-0

[Event "4NCL Online Division 3"]
[Site "online"]
[Date "2020.09.08"]
[Round "2.31"]
[White "Whalley, Mark E"]
[Black "Turner, Jon"]
[Result "1-0"]
[WhiteElo "1727"]
[BlackElo "1892"]
[PlyCount "39"]
[EventDate "2020.09.08"]
[WhiteTeam "Urmston"]
[BlackTeam "Warley Mighty Quins"]

1. d4 f5 2. Nc3 e6 3. e4 d5 4. exd5 exd5 5. Qh5+ g6 6. Qe2+ Ne7 7. Qe5 Rg8 8.
Nf3 Nbc6 9. Bb5 Bg7 10. Bxc6+ bxc6 11. Qe2 Qd6 12. O-O h6 13. Re1 g5 14. b3 Bf6
15. a4 Rg7 16. Ba3 Qd8 17. Ne5 Bxe5 18. Qxe5 Kf8 19. Qf6+ Kg8 20. Rxe7 1-0

[Event "4NCL Online Division 3"]
[Site "online"]
[Date "2020.09.08"]
[Round "2.32"]
[White "Singh, Amrik J"]
[Black "Randall, Grant"]
[Result "1-0"]
[WhiteElo "1847"]
[BlackElo "1592"]
[PlyCount "69"]
[EventDate "2020.09.08"]
[WhiteTeam "Warley Mighty Quins"]
[BlackTeam "Urmston"]

1. e4 e5 2. Nf3 Nf6 3. d3 Nc6 4. g3 Bc5 5. Bg2 d6 6. h3 h6 7. O-O Be6 8. c3 Qd7
9. d4 exd4 10. cxd4 Bc4 11. Re1 Bb4 12. Nc3 O-O 13. a3 Ba5 14. Be3 Bxc3 15.
bxc3 Rfe8 16. Nd2 Bd3 17. Bf4 Ba6 18. Qf3 Kh7 19. Rad1 Ne7 20. g4 Ng6 21. Bg3
Qc6 22. h4 b6 23. e5 Qxf3 24. Bxf3 dxe5 25. dxe5 Nd7 26. Bxa8 Rxa8 27. e6 fxe6
28. Rxe6 Nc5 29. Rc6 Be2 30. Re1 Bxg4 31. Rxc7 Rd8 32. Ne4 Nxe4 33. Rxe4 Rd1+
34. Kg2 Rd3 35. Rxg4 1-0

[Event "4NCL Online Division 3"]
[Site "online"]
[Date "2020.09.08"]
[Round "2.33"]
[White "Bellis, Dave"]
[Black "Emery, Ian"]
[Result "0-1"]
[WhiteElo "1435"]
[BlackElo "1847"]
[PlyCount "80"]
[EventDate "2020.09.08"]
[WhiteTeam "Urmston"]
[BlackTeam "Warley Mighty Quins"]

1. d4 Nf6 2. e3 e6 3. Bd3 c5 4. c3 cxd4 5. cxd4 Bb4+ 6. Bd2 Bxd2+ 7. Nxd2 d5 8.
f4 Nc6 9. a3 O-O 10. Ngf3 a6 11. O-O b5 12. Qe1 b4 13. Qh4 a5 14. Ne5 Qb6 15.
a4 Ba6 16. Nd7 Bxd3 17. Nxb6 Rab8 18. Nd7 Nxd7 19. Rfc1 Rb6 20. b3 f6 21. Nf3
Be4 22. Qf2 e5 23. dxe5 fxe5 24. g3 Nf6 25. h3 Bd3 26. Qd2 e4 27. Ng5 Re8 28.
Rc5 h6 29. Rac1 Ne7 30. Nxe4 Bxe4 31. Rxa5 Nf5 32. Rb5 Rxb5 33. axb5 Nxg3 34.
Rc7 Bf5 35. b6 Nge4 36. b7 Nxd2 37. Rc8 Rxc8 38. bxc8=Q+ Bxc8 39. Kf2 Nde4+ 40.
Ke2 Bxh3 0-1

[Event "4NCL Online Division 3"]
[Site "online"]
[Date "2020.09.08"]
[Round "2.34"]
[White "Jeffs, David"]
[Black "Plunkett, Tim"]
[Result "1-0"]
[WhiteElo "1742"]
[BlackElo "1270"]
[PlyCount "125"]
[EventDate "2020.09.08"]
[WhiteTeam "Warley Mighty Quins"]
[BlackTeam "Urmston"]

1. d4 d5 2. e3 a6 3. h3 Bf5 4. Bd3 Bxd3 5. Qxd3 Nf6 6. Nd2 e6 7. Ngf3 Bd6 8.
O-O O-O 9. c4 c6 10. a3 Nbd7 11. b3 Rc8 12. Bb2 Re8 13. Rac1 Bb8 14. Ne5 Nf8
15. Qe2 h6 16. f4 Qc7 17. c5 N6h7 18. Rf3 f6 19. Ng4 Re7 20. Rg3 Ng6 21. Rf1 f5
22. Nxh6+ gxh6 23. Rxg6+ Rg7 24. Rxe6 Rg3 25. Rf3 Rxf3 26. Qxf3 Qf7 27. Qg3+
Kh8 28. Qg6 Qg7 29. Qxg7+ Kxg7 30. Re7+ Kg6 31. Nf3 Rc7 32. Rxc7 Bxc7 33. Ne5+
Kh5 34. Bc3 Bxe5 35. dxe5 Kg6 36. Kf2 Kf7 37. Kf3 Nf8 38. g4 Ke6 39. Kg3 Ng6
40. h4 Nf8 41. g5 h5 42. Ba5 Ng6 43. Bd8 Nf8 44. Bc7 Ng6 45. Bd6 Nh8 46. Bc7
Ng6 47. Ba5 Nf8 48. Be1 Ng6 49. Kf3 Nf8 50. Ke2 Ng6 51. Kd3 Nf8 52. b4 Nd7 53.
Kc3 b5 54. cxb6 Nxb6 55. Kd4 Nd7 56. Bg3 Nf8 57. Kc5 Kd7 58. Kb6 Ne6 59. Kxa6
d4 60. exd4 Nxd4 61. a4 Ne6 62. b5 c5 63. b6 1-0

[Event "4NCL Online Division 3"]
[Site "online"]
[Date "2020.09.08"]
[Round "2.41"]
[White "Phillips, William"]
[Black "Pigott, Darrell N"]
[Result "1-0"]
[WhiteElo "1819"]
[BlackElo "1960"]
[PlyCount "113"]
[EventDate "2020.09.08"]
[WhiteTeam "Hatch End A"]
[BlackTeam "Watford 2"]

1. e4 d6 2. d4 Nf6 3. Nc3 c6 4. Nf3 g6 5. Be2 Bg7 6. O-O O-O 7. Be3 b5 8. a3 a6
9. h3 Bb7 10. Qc1 Nfd7 11. Bh6 c5 12. Bxg7 Kxg7 13. Rd1 b4 14. axb4 cxb4 15.
Nd5 e6 16. Nxb4 Qb6 17. c3 Bxe4 18. Ng5 Bb7 19. Bf3 Bxf3 20. Nxf3 Nf6 21. Re1
Nbd7 22. Qd2 a5 23. Nd3 Rfc8 24. Ra3 Qb5 25. Rea1 Nb6 26. b3 Ne4 27. c4 Nxd2
28. cxb5 Nxf3+ 29. gxf3 Rc3 30. Ne1 Kf6 31. Kg2 a4 32. bxa4 Rxa3 33. Rxa3 Rxa4
34. Rxa4 Nxa4 35. Nc2 Ke7 36. Ne3 d5 37. h4 Kd6 38. Ng4 Nc3 39. b6 Nb5 40. b7
Kc7 41. Ne5 Kxb7 42. Nxf7 Nxd4 43. Ng5 h5 44. Nf7 Kc7 45. Ne5 Nf5 46. Nxg6 Kd6
47. f4 d4 48. Kf1 Kd5 49. f3 e5 50. fxe5 d3 51. Ke1 Nd4 52. Nf4+ Kxe5 53. Nxd3+
Kf5 54. Kf2 Ne6 55. Kg3 Nd4 56. Nf4 Ne2+ 57. Nxe2 1-0

[Event "4NCL Online Division 3"]
[Site "online"]
[Date "2020.09.08"]
[Round "2.42"]
[White "Sloan, Cecil"]
[Black "Breed, Greg J"]
[Result "1/2-1/2"]
[WhiteElo "1720"]
[BlackElo "1784"]
[PlyCount "64"]
[EventDate "2020.09.08"]
[WhiteTeam "Watford 2"]
[BlackTeam "Hatch End A"]

1. e4 c5 2. Nf3 Nc6 3. Bb5 d6 4. O-O Bd7 5. Nc3 e6 6. d4 cxd4 7. Bxc6 bxc6 8.
Qxd4 c5 9. Qd3 Bc6 10. b3 Be7 11. Bb2 Nf6 12. Rad1 O-O 13. Rfe1 Qc7 14. Nb5
Bxb5 15. Qxb5 Nd7 16. Qd3 c4 17. bxc4 Rac8 18. Ba3 Ne5 19. Nxe5 dxe5 20. Bxe7
Qxe7 21. Qd6 Qxd6 22. Rxd6 Rxc4 23. Ra6 Ra8 24. Re2 Rb8 25. f3 Rb7 26. Rd2 h5
27. Kf2 Rc5 28. Kg3 Kh7 29. Rad6 Kg6 30. Ra6 Kf6 31. Kh4 g6 32. h3 Rcc7 1/2-1/2

[Event "4NCL Online Division 3"]
[Site "online"]
[Date "2020.09.08"]
[Round "2.43"]
[White "Hayali, Laith"]
[Black "Littlefair, Paul"]
[Result "1-0"]
[WhiteElo "1765"]
[BlackElo "1690"]
[PlyCount "37"]
[EventDate "2020.09.08"]
[WhiteTeam "Hatch End A"]
[BlackTeam "Watford 2"]

1. e4 e5 2. Nf3 Nc6 3. Bc4 Bc5 4. c3 Nf6 5. d4 exd4 6. e5 Ng4 7. cxd4 Bb4+ 8.
Nc3 d6 9. h3 dxe5 10. d5 Nd4 11. Nxd4 exd4 12. Qa4+ c6 13. Qxb4 dxc3 14. hxg4
Bxg4 15. O-O a5 16. Re1+ Kd7 17. dxc6+ bxc6 18. Qb7+ Qc7 19. Re7+ 1-0

[Event "4NCL Online Division 3"]
[Site "online"]
[Date "2020.09.08"]
[Round "2.44"]
[White "Shaw, David K"]
[Black "Parsons, Robert"]
[Result "0-1"]
[WhiteElo "1660"]
[BlackElo "1742"]
[PlyCount "88"]
[EventDate "2020.09.08"]
[WhiteTeam "Watford 2"]
[BlackTeam "Hatch End A"]

1. d4 d5 2. Bf4 Nf6 3. e3 e6 4. c3 Bd6 5. Bg3 Bxg3 6. hxg3 Nc6 7. Nf3 Qe7 8.
Ne5 Nxe5 9. dxe5 Ne4 10. Bd3 Bd7 11. Nd2 Bc6 12. g4 O-O-O 13. f3 Nc5 14. Bc2 f6
15. exf6 Qxf6 16. Qe2 h6 17. O-O-O Rhf8 18. Nb3 Nxb3+ 19. Bxb3 a5 20. Bc2 a4
21. a3 Qe7 22. Rd4 Qd7 23. Qd1 b5 24. Rh5 Bb7 25. g5 c5 26. Rg4 hxg5 27. Rhxg5
Rf7 28. Qh1 Qe7 29. Qh7 Rd7 30. Bg6 Rf6 31. Bh5 Rh6 32. Qg8+ Rd8 33. Qf7 Qxf7
34. Bxf7 Rh1+ 35. Kc2 Rdh8 36. Bxe6+ Kb8 37. Bxd5 Bxd5 38. Rxd5 Rf1 39. Rxc5
Rf2+ 40. Kb1 Rh1+ 41. Ka2 Rff1 42. Rxb5+ Kc7 43. Rxg7+ Kc6 44. Rbg5 Ra1# 0-1

[Event "4NCL Online Division 3"]
[Site "online"]
[Date "2020.09.08"]
[Round "2.51"]
[White "Peacock, Malcolm R"]
[Black "Merriman, James"]
[Result "0-1"]
[WhiteElo "2013"]
[BlackElo "2005"]
[PlyCount "94"]
[EventDate "2020.09.08"]
[WhiteTeam "Preston South End"]
[BlackTeam "Kent KJCA Kestrels C"]

1. c4 Nf6 2. g3 g6 3. Bg2 c5 4. Nc3 Bg7 5. e4 Nc6 6. Nge2 d6 7. d3 O-O 8. O-O
Ne8 9. Bg5 Nc7 10. Qd2 Re8 11. Bh6 Bh8 12. f4 Ne6 13. f5 Ned4 14. fxg6 hxg6 15.
Nf4 Ne5 16. h3 Kh7 17. Kh2 Bxh3 18. Nxh3 Ng4+ 19. Kh1 Nxh6 20. Rf4 Bg7 21. Rh4
e6 22. Rf1 Qe7 23. Rxf7 Qxf7 24. Ng5+ Kg8 25. Nxf7 Nxf7 26. Ne2 Bf6 27. Rh2 Bg5
28. Qd1 Kg7 29. Nxd4 cxd4 30. Qg4 Be3 31. e5 Nxe5 32. Qh4 Nf7 33. Qh7+ Kf6 34.
Be4 Rg8 35. g4 Bf4 36. Rf2 e5 37. g5+ Nxg5 38. Qxb7 Rh8+ 39. Kg1 Nh3+ 40. Kg2
Nxf2 41. Kxf2 Rab8 42. Qxa7 Rxb2+ 43. Ke1 Rb1+ 44. Kf2 Rh2+ 45. Kf3 Rf1+ 46.
Kg4 g5 47. Qd7 Rh4# 0-1

[Event "4NCL Online Division 3"]
[Site "online"]
[Date "2020.09.08"]
[Round "2.52"]
[White "Soyel, Hamit"]
[Black "Pennington, Geoffrey"]
[Result "1-0"]
[WhiteElo "1870"]
[BlackElo "1765"]
[PlyCount "65"]
[EventDate "2020.09.08"]
[WhiteTeam "Kent KJCA Kestrels C"]
[BlackTeam "Preston South End"]

1. e4 c5 2. Nf3 Nc6 3. d4 cxd4 4. Nxd4 Nf6 5. Nc3 e5 6. Ndb5 d6 7. Nd5 Nxd5 8.
exd5 Nb8 9. Be2 Be7 10. Bd2 a6 11. Na3 O-O 12. Nc4 f5 13. Ba5 Qe8 14. O-O Nd7
15. a4 b5 16. axb5 axb5 17. Nb6 Nxb6 18. Bxb6 Rxa1 19. Qxa1 Bd7 20. Qa7 Bd8 21.
Ra1 Bxb6 22. Qxb6 Qb8 23. Ra6 Qc8 24. c3 Rf6 25. Bxb5 f4 26. Bxd7 Qxd7 27. Qb8+
Rf8 28. Qxd6 Qb7 29. Rb6 Qa7 30. h3 Rf6 31. Rb8+ Kf7 32. Qxe5 f3 33. Qe8# 1-0

[Event "4NCL Online Division 3"]
[Site "online"]
[Date "2020.09.08"]
[Round "2.53"]
[White "Tuke, David"]
[Black "Ratnesan, Rajeiv"]
[Result "1/2-1/2"]
[WhiteElo "1630"]
[BlackElo "1900"]
[PlyCount "65"]
[EventDate "2020.09.08"]
[WhiteTeam "Preston South End"]
[BlackTeam "Kent KJCA Kestrels C"]

1. d4 b6 2. c4 Bb7 3. Nc3 e6 4. a3 Nf6 5. Bg5 Be7 6. e3 h6 7. Bh4 d5 8. cxd5
Nxd5 9. Bxe7 Qxe7 10. Nxd5 Bxd5 11. Nf3 Nd7 12. Rc1 c5 13. dxc5 Nxc5 14. Bb5+
Nd7 15. Rc7 Rd8 16. O-O O-O 17. Rxa7 f5 18. Qe2 Qd6 19. Rxd7 Rxd7 20. Bxd7 Qxd7
21. Ne5 Qc7 22. f4 Rc8 23. Rd1 Qc2 24. Rd2 Qc1+ 25. Rd1 Qc2 26. Rd2 Qb1+ 27.
Kf2 Rc1 28. Qh5 Rg1 29. Qe8+ Kh7 30. Qg6+ Kg8 31. Qe8+ Kh7 32. Qg6+ Kg8 33.
Qe8+ 1/2-1/2

[Event "4NCL Online Division 3"]
[Site "online"]
[Date "2020.09.08"]
[Round "2.54"]
[White "Jamroz, Viktor"]
[Black "De Santos, Andrew"]
[Result "1-0"]
[WhiteElo "1899"]
[BlackElo "1546"]
[PlyCount "57"]
[EventDate "2020.09.08"]
[WhiteTeam "Kent KJCA Kestrels C"]
[BlackTeam "Preston South End"]

1. e4 c5 2. Nf3 d6 3. c3 Nf6 4. Be2 g6 5. O-O Bg7 6. Re1 O-O 7. Bf1 Nc6 8. d4
cxd4 9. cxd4 Bg4 10. Nc3 Bxf3 11. gxf3 Nh5 12. d5 Ne5 13. f4 Nd7 14. Be2 Nhf6
15. Be3 Nb6 16. Kh1 Nfd7 17. Rg1 a6 18. Bd4 Bxd4 19. Qxd4 Rc8 20. f5 Qc7 21.
Qd2 Ne5 22. Qh6 Nbd7 23. f4 Nc4 24. fxg6 fxg6 25. Rxg6+ hxg6 26. Qxg6+ Kh8 27.
Qh5+ Kg7 28. Rg1+ Kf6 29. Qg6# 1-0

[Event "4NCL Online Division 3"]
[Site "online"]
[Date "2020.09.08"]
[Round "2.61"]
[White "Price, Chris"]
[Black "Jenkins, John"]
[Result "0-1"]
[WhiteElo "2126"]
[BlackElo "2042"]
[PlyCount "134"]
[EventDate "2020.09.08"]
[WhiteTeam "Morriston Alekhine"]
[BlackTeam "Stroud Oldies"]

1. e4 c5 2. Nf3 d6 3. Bb5+ Bd7 4. Bxd7+ Qxd7 5. d4 cxd4 6. Nxd4 g6 7. Nc3 Bg7
8. O-O Nf6 9. Bg5 O-O 10. Qd2 Re8 11. Rad1 Nc6 12. Nf3 Rad8 13. h3 a6 14. Rfe1
Qc8 15. Nd5 Nxd5 16. exd5 Ne5 17. Nxe5 dxe5 18. Qb4 Rd6 19. c4 f6 20. Be3 b6
21. Bxb6 Qb7 22. Bc5 Qxb4 23. Bxb4 Rb6 24. Ba3 Bf8 25. c5 Rb5 26. Re2 Rd8 27.
Rc2 Kf7 28. Rc4 Ke8 29. Rd3 f5 30. d6 e4 31. Rd2 Bh6 32. Rd1 Bf4 33. g3 Be5 34.
Rd5 exd6 35. b4 Rc8 36. Bc1 a5 37. a3 axb4 38. axb4 Rcb8 39. Bd2 Ke7 40. cxd6+
Bxd6 41. Rxb5 Rxb5 42. Rc8 h5 43. Rc2 Ke6 44. Kf1 Kd5 45. Ke2 Bxb4 46. Rc8 Bxd2
47. Kxd2 Rb6 48. h4 Rd6 49. Ke3 Ke5 50. Re8+ Kf6 51. Rf8+ Kg7 52. Rb8 Rd3+ 53.
Ke2 Ra3 54. Rb7+ Kh6 55. Rb6 Rc3 56. Ra6 Rf3 57. Rb6 f4 58. Rb4 fxg3 59. fxg3
Rxg3 60. Rxe4 Rg4 61. Re8 Rxh4 62. Kf3 Ra4 63. Kg3 Kg5 64. Re5+ Kf6 65. Rb5 Re4
66. Kf3 Re5 67. Rb4 Kf5 0-1

[Event "4NCL Online Division 3"]
[Site "online"]
[Date "2020.09.08"]
[Round "2.62"]
[White "Brown, Graham K"]
[Black "McCarthy, Maurice"]
[Result "0-1"]
[WhiteElo "1795"]
[BlackElo "1978"]
[PlyCount "74"]
[EventDate "2020.09.08"]
[WhiteTeam "Stroud Oldies"]
[BlackTeam "Morriston Alekhine"]

1. h3 c5 2. g4 Nc6 3. d3 h5 4. gxh5 Rxh5 5. Nc3 d6 6. Bg2 g6 7. e4 Be6 8. Nf3
Qd7 9. Ng5 Bg7 10. Nxe6 Qxe6 11. Nd5 Rxd5 12. h4 Rh5 13. Bh3 Qf6 14. Bg5 Rxg5
15. hxg5 Qxg5 16. Qg4 Qxg4 17. Bxg4 Nf6 18. Be2 Nd4 19. Bd1 O-O-O 20. c3 Ne6
21. Be2 Nf4 22. Bf1 Rh8 23. Rxh8+ Bxh8 24. O-O-O Ng4 25. Rd2 Nh2 26. Be2 e6 27.
Kc2 Kd7 28. f3 Nxe2 29. f4 Nxf4 30. Rxh2 Bf6 31. Rd2 g5 32. d4 cxd4 33. cxd4 g4
34. e5 Bg5 35. Rd1 g3 36. Rg1 g2 37. Kd1 Bh4 0-1